000 00506nam a22002057a 4500
003 LK-CoDNM
005 20241119150835.0
008 241015b |||||||| |||| 00| 0 eng d
040 _aLK-CoDNM
_dLK-CoDNM
_eLK-CoDNM
041 _aeng
080 _aPA
_bE1
245 _aThe Ampitiyan 1934- Vol.2
_bNo.4
260 _aKandy
_bThe Lankapradipa printers
_c1934
300 _b4p. ; 25 cm
650 _aThe Ampitiyan 1934- Vol.2
650 _aNo.4
650 _aPA E1
650 _a1934
942 _cBK
999 _c230930
_d230930